<?xml version="1.0" encoding="UTF-8"?>
<record
    xmlns:xsi="http://www.w3.org/2001/XMLSchema-instance"
    xsi:schemaLocation="http://www.loc.gov/MARC21/slim http://www.loc.gov/standards/marcxml/schema/MARC21slim.xsd"
    xmlns="http://www.loc.gov/MARC21/slim">

  <leader>00705na  a2200217   4500</leader>
  <controlfield tag="001">19716</controlfield>
  <controlfield tag="003">MIRAKIL</controlfield>
  <controlfield tag="005">20181213155102.0</controlfield>
  <controlfield tag="008">161226b        tu            000 0      </controlfield>
  <datafield tag="040" ind1=" " ind2=" ">
    <subfield code="a">Milas</subfield>
    <subfield code="b">tur</subfield>
    <subfield code="c">TR-AnCHP</subfield>
  </datafield>
  <datafield tag="041" ind1=" " ind2=" ">
    <subfield code="a">tur</subfield>
  </datafield>
  <datafield tag="082" ind1=" " ind2=" ">
    <subfield code="a">378</subfield>
    <subfield code="b">G34 2000</subfield>
  </datafield>
  <datafield tag="090" ind1=" " ind2=" ">
    <subfield code="a">378 G34 2000</subfield>
  </datafield>
  <datafield tag="245" ind1=" " ind2=" ">
    <subfield code="a">Geli&#x15F;mekte olan &#xFC;lkelerde y&#xFC;ksek &#xF6;&#x11F;renim</subfield>
    <subfield code="b">sorunlar ve &#xE7;&#xF6;z&#xFC;m &#xF6;nerileri</subfield>
    <subfield code="c">Y&#xFC;ksek &#xF6;&#x11F;renim ve Toplum &#xC7;al&#x131;&#x15F;ma Gurubu</subfield>
  </datafield>
  <datafield tag="246" ind1=" " ind2=" ">
    <subfield code="a">sorunlar ve &#xE7;&#xF6;z&#xFC;m &#xF6;nerileri</subfield>
  </datafield>
  <datafield tag="260" ind1=" " ind2=" ">
    <subfield code="a">[y. y.]</subfield>
    <subfield code="b">Y&#xFC;ksek &#xF6;&#x11F;renim ve Toplum &#xC7;al&#x131;&#x15F;ma Gurubu</subfield>
    <subfield code="c">2000</subfield>
  </datafield>
  <datafield tag="300" ind1=" " ind2=" ">
    <subfield code="a">135 s.</subfield>
    <subfield code="c">29 sm.</subfield>
  </datafield>
  <datafield tag="500" ind1=" " ind2=" ">
    <subfield code="a">Kaynak&#xE7;a var.</subfield>
  </datafield>
  <datafield tag="710" ind1=" " ind2=" ">
    <subfield code="a">Y&#xFC;ksek &#xF6;&#x11F;renim ve Toplum &#xC7;al&#x131;&#x15F;ma Gurubu</subfield>
  </datafield>
  <datafield tag="942" ind1=" " ind2=" ">
    <subfield code="2">ddc</subfield>
    <subfield code="c">BKS</subfield>
  </datafield>
  <datafield tag="952" ind1=" " ind2=" ">
    <subfield code="a">0001</subfield>
    <subfield code="b">0001</subfield>
    <subfield code="d">2016-12-26</subfield>
    <subfield code="e">2</subfield>
    <subfield code="l">0</subfield>
    <subfield code="o">378 G34 2000</subfield>
    <subfield code="p">010820</subfield>
    <subfield code="r">2016-12-26 00:00:00</subfield>
    <subfield code="v">0.00</subfield>
    <subfield code="w">2016-12-26</subfield>
    <subfield code="y">BKS</subfield>
  </datafield>
  <datafield tag="999" ind1=" " ind2=" ">
    <subfield code="c">6281</subfield>
    <subfield code="d">6281</subfield>
  </datafield>
</record>
